[Event "Brasov GP RO"]
[Site "Brasov"]
[Date "2023.07.20"]
[Round "7"]
[White "Cnejev, Vladimir Alexandru"]
[Black "Stancu, Robert Alexandru"]
[Result "1-0"]
[WhiteElo "2362"]
[BlackElo "2043"]
[PlyCount "57"]
[EventDate "2023.07.16"]
[EventType "swiss"]
[EventRounds "9"]
[EventCountry "ROU"]
[SourceTitle "CBM 215 Extra"]
[Source "ChessBase"]
[SourceDate "2023.09.30"]
[SourceVersion "1"]
[SourceVersionDate "2023.09.30"]
[SourceQuality "1"]

1. e4 e5 2. Nf3 Nc6 3. Bb5 a6 4. Ba4 Nf6 5. 0-0 Be7 6. Re1 b5 7. Bb3 d6 8. c3 0-0 9. h3 Nb8 10. d4 Nbd7 11. Nbd2 Bb7 12. Bc2 Re8 13. Nf1 Bf8 14. Ng3 g6 15. b3 exd4 16. cxd4 c5 17. Bg5 h6 18. Bf4 cxd4 19. Nxd4 h5 20. Bg5 Qb6 21. Qd2 Bg7 22. Rad1 d5 23. Bh6 Bh8 24. Ndf5 gxf5 25. Qg5+ Kh7 26. exd5 Ne4 27. Nxe4 fxe4 28. Rxe4 f5 29. Re7+ 1-0

[Event "ROM-ch U20"]
[Site "Calimanesti Caciulata"]
[Date "2018.04.01"]
[Round "6"]
[White "Stancu, Robert Alexandru"]
[Black "Ursan, Petru Sebastian"]
[Result "0-1"]
[WhiteElo "2054"]
[BlackElo "2171"]
[PlyCount "52"]
[EventDate "2018.03.27"]
[EventType "tourn"]
[EventRounds "7"]
[EventCountry "ROU"]
[EventCategory "2"]
[SourceTitle "CBM 183 Extra"]
[Source "ChessBase"]
[SourceDate "2018.04.19"]
[SourceVersion "1"]
[SourceVersionDate "2018.04.19"]
[SourceQuality "1"]

1. d4 c5 2. d5 g6 3. c4 Bg7 4. e4 d6 5. Nc3 Nf6 6. Bd3 e6 7. Nge2 0-0 8. 0-0 Na6 9. h3 exd5 10. cxd5 Nc7 11. a4 a6 12. Bg5 Rb8 13. a5 Bd7 14. f4 h6 15. Bh4 Re8 16. Bf2 b5 17. e5 dxe5 18. Bxc5 e4 19. Bc2 b4 20. Na4 Nfxd5 21. Nb6 Bb5 22. Re1 Bxb2 23. Rb1 Bg7 24. Nxd5 Nxd5 25. Bxb4 Bxe2 26. Rxe2 Rxb4 0-1

[Event "ROM-ch U20"]
[Site "Calimanesti Caciulata"]
[Date "2018.03.31"]
[Round "5"]
[White "Toma, Radu Cristian"]
[Black "Stancu, Robert Alexandru"]
[Result "1/2-1/2"]
[WhiteElo "2380"]
[BlackElo "2054"]
[PlyCount "45"]
[EventDate "2018.03.27"]
[EventType "tourn"]
[EventRounds "7"]
[EventCountry "ROU"]
[EventCategory "2"]
[SourceTitle "CBM 183 Extra"]
[Source "ChessBase"]
[SourceDate "2018.04.19"]
[SourceVersion "1"]
[SourceVersionDate "2018.04.19"]
[SourceQuality "1"]

1. d4 d5 2. c4 e6 3. Nf3 Nf6 4. Nc3 Nbd7 5. Bf4 dxc4 6. e3 Nd5 7. Bxc4 Nxf4 8. exf4 Nb6 9. Bb3 g6 10. 0-0 Bg7 11. Qe2 0-0 12. Qe4 a5 13. a4 c6 14. Ne5 Nd5 15. Rfd1 Qb6 16. Ra3 Rd8 17. Bxd5 exd5 18. Qe2 Re8 19. Nc4 Qd8 20. Ne3 Bd7 21. Qf3 Qb6 22. Ne2 Qxb2 23. Rad3 1/2-1/2

[Event "ROM-ch U20"]
[Site "Calimanesti Caciulata"]
[Date "2018.03.30"]
[Round "4"]
[White "Stancu, Robert Alexandru"]
[Black "Gavrilescu, David"]
[Result "1/2-1/2"]
[WhiteElo "2054"]
[BlackElo "2436"]
[PlyCount "137"]
[EventDate "2018.03.27"]
[EventType "tourn"]
[EventRounds "7"]
[EventCountry "ROU"]
[EventCategory "2"]
[SourceTitle "CBM 183 Extra"]
[Source "ChessBase"]
[SourceDate "2018.04.19"]
[SourceVersion "1"]
[SourceVersionDate "2018.04.19"]
[SourceQuality "1"]

1. d4 d5 2. Bf4 Nf6 3. e3 e6 4. Nf3 Bd6 5. Bg3 c5 6. c3 0-0 7. Nbd2 b6 8. Bd3 Bb7 9. Ne5 Nc6 10. 0-0 Ne7 11. Qf3 Rc8 12. Rad1 Qc7 13. Bf4 Ng6 14. Nxg6 hxg6 15. Bxd6 Qxd6 16. Qe2 e5 17. dxe5 Qxe5 18. Nf3 Qe6 19. Ba6 Rc7 20. Bxb7 Rxb7 21. Qa6 Rd7 22. c4 dxc4 23. Rxd7 Nxd7 24. Qxa7 Qd5 25. a3 f6 26. Qc7 Re8 27. h3 Re6 28. Qd8+ Kh7 29. Re1 b5 30. e4 Qd6 31. e5 Qe7 32. Qxe7 Rxe7 33. exf6 Rxe1+ 34. Nxe1 gxf6 35. f4 Nb6 36. Kf2 Na4 37. Ke3 Nxb2 38. Nc2 Kg7 39. Ke4 Kf7 40. Kd5 Nd3 41. g3 c3 42. Ke4 Nf2+ 43. Kd5 b4 44. axb4 cxb4 45. Nxb4 Nh1 46. g4 Nf2 47. Kd4 Nxh3 48. Kxc3 Nxf4 49. Kd4 Ke6 50. Nc2 Nd5 51. Ke4 Ne7 52. Ne3 Nc6 53. Kf4 Ne5 54. Ke4 Kd6 55. Kf4 Nf7 56. Ke4 Kc5 57. Kf4 Nd6 58. Ng2 Nf7 59. Ke4 Ng5+ 60. Ke3 Nf7 61. Nf4 Ne5 62. Ke4 g5 63. Nh5 Nxg4 64. Kf5 Ne3+ 65. Kxf6 g4 66. Kg5 Kd4 67. Kf4 Kd3 68. Nf6 Ke2 69. Nxg4 1/2-1/2

[Event "ROM-ch U20"]
[Site "Calimanesti Caciulata"]
[Date "2018.03.29"]
[Round "3"]
[White "Geiger, Alex Emanuel"]
[Black "Stancu, Robert Alexandru"]
[Result "0-1"]
[WhiteElo "2223"]
[BlackElo "2054"]
[PlyCount "48"]
[EventDate "2018.03.27"]
[EventType "tourn"]
[EventRounds "7"]
[EventCountry "ROU"]
[EventCategory "2"]
[SourceTitle "CBM 183 Extra"]
[Source "ChessBase"]
[SourceDate "2018.04.19"]
[SourceVersion "1"]
[SourceVersionDate "2018.04.19"]
[SourceQuality "1"]

1. e4 e5 2. Nf3 Nc6 3. Bc4 Bc5 4. d3 Nf6 5. Bb3 d5 6. exd5 Nxd5 7. 0-0 0-0 8. Re1 Bg4 9. h3 Bh5 10. g4 Bg6 11. Nxe5 Qh4 12. Qf3 Rfe8 13. Bxd5 Nxe5 14. Rxe5 Rxe5 15. Nc3 c6 16. Bb3 Re1+ 17. Kg2 h5 18. gxh5 Bxh5 19. Qf5 Bg4 20. hxg4 Qh1+ 21. Kg3 Rg1+ 22. Kf4 Qh2+ 23. Kf3 Qxf2+ 24. Ke4 Re1+ 0-1

[Event "ROM-ch U20"]
[Site "Calimanesti Caciulata"]
[Date "2018.03.28"]
[Round "2"]
[White "Stancu, Robert Alexandru"]
[Black "Secheres, Adrian Simion"]
[Result "0-1"]
[WhiteElo "2054"]
[BlackElo "2364"]
[PlyCount "58"]
[EventDate "2018.03.27"]
[EventType "tourn"]
[EventRounds "7"]
[EventCountry "ROU"]
[EventCategory "2"]
[SourceTitle "CBM 183 Extra"]
[Source "ChessBase"]
[SourceDate "2018.04.19"]
[SourceVersion "1"]
[SourceVersionDate "2018.04.19"]
[SourceQuality "1"]

1. d4 Nf6 2. c4 g6 3. g3 Bg7 4. Bg2 0-0 5. Nf3 c5 6. 0-0 cxd4 7. Nxd4 d5 8. cxd5 Nxd5 9. Nc3 Nxc3 10. bxc3 Qa5 11. Qb3 Nc6 12. Be3 Ne5 13. h3 Bd7 14. Bf4 Rad8 15. a4 Bc8 16. Rfd1 Qc5 17. Bxe5 Bxe5 18. e3 Bf6 19. Qb4 Qe5 20. a5 Rd6 21. h4 Qh5 22. Bf3 Bg4 23. Bxg4 Qxg4 24. Qxb7 e5 25. Nf3 Rxd1+ 26. Rxd1 e4 27. Rd6 Qxf3 28. c4 Be5 29. Rc6 Qf5 0-1

[Event "Arad op 10th"]
[Site "Arad"]
[Date "2017.08.12"]
[Round "8"]
[White "Ganaus, Hannes"]
[Black "Stancu, Robert Alexandru"]
[Result "1/2-1/2"]
[WhiteElo "2241"]
[BlackElo "2102"]
[PlyCount "76"]
[EventDate "2017.08.06"]
[EventType "swiss"]
[EventRounds "9"]
[EventCountry "ROU"]
[SourceTitle "CBM 179 Extra"]
[Source "ChessBase"]
[SourceDate "2017.08.23"]
[SourceVersion "1"]
[SourceVersionDate "2017.08.23"]
[SourceQuality "1"]

1. d4 Nf6 2. Nf3 e6 3. e3 c5 4. a3 b6 5. Bd3 Bb7 6. 0-0 Be7 7. b3 0-0 8. Bb2 cxd4 9. exd4 d6 10. c4 Nbd7 11. Nbd2 Rc8 12. Qe2 Rc7 13. Rfe1 Re8 14. Ng5 Nf8 15. f4 Ng6 16. g3 Bf8 17. d5 exd5 18. Bxf6 Rxe2 19. Bxd8 Rxe1+ 20. Rxe1 Rc8 21. Nxh7 Rxd8 22. Nxf8 Kxf8 23. Bxg6 fxg6 24. Kf2 dxc4 25. Nxc4 Bd5 26. Rd1 Bxc4 27. bxc4 Ke7 28. Ke3 Rc8 29. Kd4 Rc5 30. h4 Ra5 31. Rd3 Ke6 32. g4 Ke7 33. Rb3 Ra4 34. Kd5 Kd7 35. Re3 Ra5+ 36. Kd4 Ra4 37. Kd5 Ra5+ 38. Kd4 Ra4 1/2-1/2

[Event "Arad op 10th"]
[Site "Arad"]
[Date "2017.08.10"]
[Round "6"]
[White "Bogdan, Dan"]
[Black "Stancu, Robert Alexandru"]
[Result "1-0"]
[WhiteElo "2373"]
[BlackElo "2102"]
[PlyCount "85"]
[EventDate "2017.08.06"]
[EventType "swiss"]
[EventRounds "9"]
[EventCountry "ROU"]
[SourceTitle "CBM 179 Extra"]
[Source "ChessBase"]
[SourceDate "2017.08.23"]
[SourceVersion "1"]
[SourceVersionDate "2017.08.23"]
[SourceQuality "1"]

1. c4 Nf6 2. g3 e6 3. Nf3 d5 4. b3 Be7 5. Bg2 0-0 6. 0-0 b6 7. Bb2 Bb7 8. d4 Nbd7 9. cxd5 Bxd5 10. Nc3 Bb7 11. Qc2 c5 12. dxc5 Nxc5 13. Rfd1 Qc8 14. Rac1 Rd8 15. b4 Nce4 16. Nxe4 Bxe4 17. Qxc8 Rdxc8 18. a3 Nd5 19. b5 Rxc1 20. Rxc1 Bc5 21. Ne5 Bxg2 22. Kxg2 a6 23. bxa6 Rxa6 24. Nd7 Ra5 25. Bd4 f6 26. Nxc5 bxc5 27. Bxc5 Ra4 28. f3 f5 29. Kf2 Kf7 30. Ke1 e5 31. Kd2 Ke6 32. Kc2 Rc4+ 33. Kb2 Rxc1 34. Kxc1 Nc3 35. Kd2 Na4 36. Bb4 Kd5 37. Kd3 e4+ 38. fxe4+ fxe4+ 39. Ke3 Ke5 40. Bf8 g6 41. Bg7+ Kd5 42. Bd4 h5 43. h4 1-0

[Event "Arad op 10th"]
[Site "Arad"]
[Date "2017.08.07"]
[Round "2"]
[White "Balla, Tamas Kristof"]
[Black "Stancu, Robert Alexandru"]
[Result "1/2-1/2"]
[WhiteElo "2371"]
[BlackElo "2102"]
[PlyCount "40"]
[EventDate "2017.08.06"]
[EventType "swiss"]
[EventRounds "9"]
[EventCountry "ROU"]
[SourceTitle "CBM 179 Extra"]
[Source "ChessBase"]
[SourceDate "2017.08.23"]
[SourceVersion "1"]
[SourceVersionDate "2017.08.23"]
[SourceQuality "1"]

1. f4 d5 2. Nf3 Bg4 3. e3 Nc6 4. Bb5 Qd6 5. h3 Bxf3 6. Qxf3 0-0-0 7. b3 Qf6 8. d4 a6 9. Bd3 Nb4 10. Bb2 e6 11. 0-0 h5 12. a3 Nxd3 13. cxd3 Ne7 14. Nc3 Nf5 15. Ne2 Qg6 16. e4 dxe4 17. Qxe4 Be7 18. Rac1 Bf6 19. Rc4 Rd5 20. Rfc1 c6 1/2-1/2

[Event "Arad op 10th"]
[Site "Arad"]
[Date "2017.08.07"]
[Round "3"]
[White "Stancu, Robert Alexandru"]
[Black "Banzea, Alexandru Bogdan"]
[Result "0-1"]
[WhiteElo "2102"]
[BlackElo "2283"]
[PlyCount "74"]
[EventDate "2017.08.06"]
[EventType "swiss"]
[EventRounds "9"]
[EventCountry "ROU"]
[SourceTitle "CBM 179 Extra"]
[Source "ChessBase"]
[SourceDate "2017.08.23"]
[SourceVersion "1"]
[SourceVersionDate "2017.08.23"]
[SourceQuality "1"]

1. d4 Nf6 2. Nf3 d5 3. c4 e6 4. Nc3 a6 5. cxd5 exd5 6. Bg5 Be6 7. e3 Nbd7 8. Bd3 Bd6 9. 0-0 c6 10. Bh4 0-0 11. Ng5 Qc7 12. Bg3 Bxg3 13. hxg3 Qd6 14. Nxe6 Qxe6 15. Qf3 g6 16. b4 Rfe8 17. Rfc1 Kg7 18. Na4 h5 19. Nc5 Nxc5 20. bxc5 Re7 21. Rab1 Rd8 22. Rb6 Rdd7 23. Rcb1 Ng4 24. R1b3 f5 25. Bb1 Kf6 26. Qf4 g5 27. Qb8 Qf7 28. f4 Nxe3 29. fxg5+ Kg6 30. Qf4 Nc4 31. R6b4 a5 32. Ra4 Re1+ 33. Kh2 Rde7 34. g4 hxg4 35. Bd3 Qh7+ 36. Kg3 R7e3+ 37. Kf2 Qh4+ 0-1

[Event "ROM-ch"]
[Site "Calimanesti Caciulata"]
[Date "2017.03.31"]
[Round "7"]
[White "Scripcaru, George Daniel"]
[Black "Stancu, Robert Alexandru"]
[Result "1/2-1/2"]
[WhiteElo "2313"]
[BlackElo "2088"]
[PlyCount "56"]
[EventDate "2017.03.25"]
[EventType "swiss"]
[EventRounds "9"]
[EventCountry "ROU"]
[SourceTitle "CBM 177 Extra"]
[Source "ChessBase"]
[SourceDate "2017.04.27"]
[SourceVersion "1"]
[SourceVersionDate "2017.04.27"]
[SourceQuality "1"]

1. d4 Nf6 2. c4 e6 3. Nc3 Bb4 4. e3 0-0 5. Nge2 c6 6. a3 Ba5 7. Qc2 d5 8. Ng3 Nbd7 9. Bd3 dxc4 10. Bxc4 e5 11. dxe5 Nxe5 12. Be2 Bc7 13. b3 Bg4 14. f3 Be6 15. 0-0 Bb6 16. Rd1 Qe7 17. Na4 Nd5 18. Nxb6 Nxb6 19. Bb2 Ned7 20. Nh5 f6 21. Nf4 Bf7 22. e4 Qc5+ 23. Qxc5 Nxc5 24. b4 Nb3 25. Rab1 a5 26. bxa5 Na4 27. Rd7 Nxa5 28. Ba1 Rfd8 1/2-1/2

[Event "ROM-ch"]
[Site "Calimanesti Caciulata"]
[Date "2017.03.27"]
[Round "3"]
[White "Stancu, Robert Alexandru"]
[Black "Toma, Radu Cristian"]
[Result "0-1"]
[WhiteElo "2088"]
[BlackElo "2378"]
[PlyCount "90"]
[EventDate "2017.03.25"]
[EventType "swiss"]
[EventRounds "9"]
[EventCountry "ROU"]
[SourceTitle "CBM 177 Extra"]
[Source "ChessBase"]
[SourceDate "2017.04.27"]
[SourceVersion "1"]
[SourceVersionDate "2017.04.27"]
[SourceQuality "1"]

1. d4 Nf6 2. Nf3 e6 3. c4 b6 4. g3 Ba6 5. b3 Bb4+ 6. Bd2 Be7 7. Bg2 0-0 8. 0-0 c6 9. Qc2 d5 10. Rd1 Nbd7 11. Bf4 Rc8 12. Ne5 Nxe5 13. Bxe5 Qe8 14. Nd2 Ng4 15. Nf3 c5 16. cxd5 cxd4 17. Qd2 Nxe5 18. Nxe5 exd5 19. Qxd4 Bxe2 20. Re1 Rc2 21. Qxd5 Bc5 22. Qe4 Bxf2+ 23. Kh1 Bxe1 24. Rxe1 Rxa2 25. Rxe2 Rxe2 26. Qxe2 Qe6 27. Qb5 a6 28. Qd5 Qf5 29. h3 Re8 30. Nc6 Qf2 31. Kh2 g6 32. Ne5 Qf5 33. Ng4 Qxd5 34. Nf6+ Kf8 35. Nxd5 Kg7 36. Nc7 Re3 37. Bd5 Re2+ 38. Kg1 Rd2 39. Bc4 b5 40. Bf1 Rb2 41. Nxa6 Rxb3 42. Kg2 Rb2+ 43. Kf3 b4 44. Nc5 Rc2 45. Ne4 f5 0-1

[Event "ROM-ch"]
[Site "Calimanesti Caciulata"]
[Date "2017.03.26"]
[Round "2"]
[White "Dracea, Gheorghe"]
[Black "Stancu, Robert Alexandru"]
[Result "0-1"]
[WhiteElo "1900"]
[BlackElo "2088"]
[PlyCount "106"]
[EventDate "2017.03.25"]
[EventType "swiss"]
[EventRounds "9"]
[EventCountry "ROU"]
[SourceTitle "CBM 177 Extra"]
[Source "ChessBase"]
[SourceDate "2017.04.27"]
[SourceVersion "1"]
[SourceVersionDate "2017.04.27"]
[SourceQuality "1"]

1. e4 e5 2. Nf3 Nc6 3. Bb5 a6 4. Ba4 Nf6 5. d4 Nxd4 6. Nxd4 exd4 7. Qxd4 c5 8. Qe5+ Be7 9. c4 0-0 10. Nc3 d6 11. Qg3 Kh8 12. Bc2 Be6 13. b3 b5 14. cxb5 axb5 15. Bb2 Ng4 16. 0-0 Bf6 17. h3 Be5 18. Qd3 c4 19. bxc4 Bxc4 20. Qd2 Bxf1 21. hxg4 b4 22. Nd1 Bc4 23. Bxe5 dxe5 24. Qxb4 Rxa2 25. Rxa2 Bxa2 26. Ne3 Qb8 27. Qe7 Re8 28. Qh4 Qd8 29. Qg3 Qg5 30. Ba4 Rc8 31. Nf5 f6 32. Bd7 Rc1+ 33. Kh2 Qf4 34. Qxf4 exf4 35. g3 g6 36. Nh4 fxg3+ 37. Kxg3 Rc7 38. Bb5 Bc4 39. Ba4 Ra7 40. Bc6 Ra6 41. Bd7 Ra3+ 42. Kg2 Bd3 43. Bc6 Kg7 44. Bd5 Kh6 45. Nf3 Bf1+ 46. Kxf1 Rxf3 47. Kg2 Ra3 48. f4 g5 49. e5 fxe5 50. fxe5 Ra5 51. Be4 Rxe5 52. Kf3 Kg7 53. Bb1 h6 0-1

[Event "ROM-ch U18"]
[Site "Baile Felix"]
[Date "2017.02.05"]
[Round "5"]
[White "Stancu, Robert Alexandru"]
[Black "Olinici, Emanuel"]
[Result "1/2-1/2"]
[WhiteElo "2113"]
[BlackElo "2029"]
[PlyCount "131"]
[EventDate "2017.02.02"]
[EventType "swiss"]
[EventRounds "9"]
[EventCountry "ROU"]
[SourceTitle "CBM 176 Extra"]
[Source "ChessBase"]
[SourceDate "2017.03.02"]
[SourceVersion "1"]
[SourceVersionDate "2017.03.02"]
[SourceQuality "1"]

1. d4 d5 2. c4 e6 3. Nf3 c6 4. e3 Bd6 5. b3 f5 6. Bd3 Nf6 7. 0-0 0-0 8. Ba3 Bxa3 9. Nxa3 Ne4 10. Qc2 Nd7 11. Qb2 Rf6 12. Ne5 a6 13. f3 Ng5 14. f4 Ne4 15. Bxe4 fxe4 16. b4 Nxe5 17. fxe5 Rxf1+ 18. Rxf1 Bd7 19. c5 Qe7 20. Nb1 Rf8 21. Rxf8+ Qxf8 22. Qf2 Qxf2+ 23. Kxf2 Kf7 24. Nc3 Ke7 25. Kg3 Be8 26. Kf4 Bf7 27. g4 Be8 28. g5 Bf7 29. h4 Bh5 30. Nb1 Kd7 31. Nd2 Ke7 32. Nf1 g6 33. Nd2 Be2 34. Kg3 Kd7 35. Kf2 Bh5 36. Ke1 Kc7 37. Nb1 Kd7 38. Nc3 Kc7 39. Kd2 Kd7 40. Kc2 Bg4 41. Kb3 Bh3 42. Ka4 Kc7 43. Ka5 Bf1 44. a4 Bd3 45. Nd1 Be2 46. Nf2 Bf3 47. Nh3 Bd1 48. Nf4 Bg4 49. b5 axb5 50. axb5 Kc8 51. bxc6 bxc6 52. Kb6 Kd7 53. Ng2 Bf3 54. Ne1 Bd1 55. Ka5 Kc7 56. Kb4 Kd7 57. Kc3 Ke7 58. Kd2 Bg4 59. Nc2 Kd7 60. Kc3 Bd1 61. Na3 Be2 62. Kb4 Bd3 63. Ka5 Kc7 64. Kb4 Kb7 65. Ka5 Ka7 66. Ka4 1/2-1/2

[Event "ROM-ch U18"]
[Site "Baile Felix"]
[Date "2017.02.03"]
[Round "2"]
[White "Acsinte, Matei Ionut"]
[Black "Stancu, Robert Alexandru"]
[Result "1/2-1/2"]
[WhiteElo "2282"]
[BlackElo "2113"]
[PlyCount "97"]
[EventDate "2017.02.02"]
[EventType "swiss"]
[EventRounds "9"]
[EventCountry "ROU"]
[SourceTitle "CBM 176 Extra"]
[Source "ChessBase"]
[SourceDate "2017.03.02"]
[SourceVersion "1"]
[SourceVersionDate "2017.03.02"]
[SourceQuality "1"]

1. e4 e5 2. Nf3 Nc6 3. Bc4 Bc5 4. c3 Nf6 5. d4 exd4 6. cxd4 Bb4+ 7. Bd2 Nxe4 8. Bxb4 Nxb4 9. d5 0-0 10. 0-0 a5 11. a3 Na6 12. Qd4 Re8 13. Re1 Nd6 14. Rxe8+ Nxe8 15. Nc3 d6 16. Re1 Bf5 17. h4 Nf6 18. Qf4 Bg6 19. Nd4 Nc5 20. g4 h5 21. g5 Ng4 22. Qd2 Ne5 23. Be2 Qd7 24. f4 Ned3 25. Rf1 Qh3 26. f5 Qg3+ 27. Kh1 Qh3+ 28. Kg1 Qg3+ 29. Kh1 Nf2+ 30. Rxf2 Qxf2 31. fxg6 fxg6 32. Ne4 Qxh4+ 33. Kg2 Re8 34. Bf3 c6 35. Nxc5 dxc5 36. d6 Qxd4 37. Qxd4 cxd4 38. Kf2 Rd8 39. Bd1 d3 40. Kf3 Kf8 41. Bb3 d2 42. Ke3 h4 43. Kxd2 h3 44. Bd1 h2 45. Bf3 Kf7 46. Bh1 b6 47. Ke3 Ke6 48. Kf2 Rh8 49. Kg3 1/2-1/2

[Event "ROM-chT"]
[Site "Calimanesti Caciulata"]
[Date "2016.11.27"]
[Round "9.1"]
[White "Toma, Radu Cristian"]
[Black "Stancu, Robert Alexandru"]
[Result "1-0"]
[WhiteElo "2368"]
[BlackElo "2117"]
[PlyCount "49"]
[EventDate "2016.11.19"]
[EventType "team-tourn"]
[EventRounds "9"]
[EventCountry "ROU"]
[SourceTitle "CBM 175 Extra"]
[Source "ChessBase"]
[SourceDate "2016.12.12"]
[SourceVersion "1"]
[SourceVersionDate "2016.12.12"]
[SourceQuality "1"]
[WhiteTeam "Timisoara Luxten"]
[BlackTeam "Otopeni"]
[WhiteTeamCountry "ROU"]
[BlackTeamCountry "ROU"]

1. d4 d5 2. c4 e6 3. Nf3 Nf6 4. Nc3 Nbd7 5. e3 Be7 6. Bd3 0-0 7. b3 b6 8. 0-0 Bb7 9. Qc2 h6 10. Bb2 c5 11. cxd5 exd5 12. Rfd1 Rc8 13. Qe2 Qc7 14. Rac1 Ne4 15. Nb5 Qb8 16. dxc5 Nexc5 17. Bb1 a6 18. Nbd4 Bf6 19. Nf5 Kh8 20. Nxh6 gxh6 21. Rxc5 Bxb2 22. Qxb2+ f6 23. Qc2 f5 24. Rxc8 Qxc8 25. Qxc8 1-0

[Event "ROM-chT"]
[Site "Calimanesti Caciulata"]
[Date "2016.11.21"]
[Round "3.4"]
[White "Soltanici, Ruslan"]
[Black "Stancu, Robert Alexandru"]
[Result "1-0"]
[WhiteElo "2395"]
[BlackElo "2117"]
[PlyCount "61"]
[EventDate "2016.11.19"]
[EventType "team-tourn"]
[EventRounds "9"]
[EventCountry "ROU"]
[SourceTitle "CBM 175 Extra"]
[Source "ChessBase"]
[SourceDate "2016.12.12"]
[SourceVersion "1"]
[SourceVersionDate "2016.12.12"]
[SourceQuality "1"]
[WhiteTeam "Galati"]
[BlackTeam "Otopeni"]
[WhiteTeamCountry "ROU"]
[BlackTeamCountry "ROU"]

1. e4 e5 2. Nf3 Nc6 3. Bb5 a6 4. Ba4 Nf6 5. 0-0 Be7 6. Re1 b5 7. Bb3 d6 8. c3 0-0 9. h3 Nb8 10. d3 Nbd7 11. Nbd2 Bb7 12. Nf1 Nc5 13. Bc2 Re8 14. Ng3 Bf8 15. Nh2 d5 16. Qf3 Ne6 17. Nf5 Kh8 18. Ng4 Nxg4 19. hxg4 dxe4 20. dxe4 Qf6 21. Qg3 Ng5 22. Qe3 h6 23. a4 Ne6 24. g3 Bc5 25. Qe2 b4 26. Kg2 Kg8 27. Rh1 bxc3 28. bxc3 Ng5 29. Rh5 Nh7 30. Bxh6 gxh6 31. Rxh6 1-0

[Event "Cap Aurora op 20th"]
[Site "Cap Aurora"]
[Date "2016.06.28"]
[Round "5"]
[White "Stancu, Robert Alexandru"]
[Black "Banzea, Alexandru Bogdan"]
[Result "1/2-1/2"]
[WhiteElo "1987"]
[BlackElo "2235"]
[PlyCount "102"]
[EventDate "2016.06.25"]
[EventType "swiss"]
[EventRounds "9"]
[EventCountry "ROU"]
[SourceTitle "CBM 173 Extra"]
[Source "ChessBase"]
[SourceDate "2016.08.29"]
[SourceVersion "1"]
[SourceVersionDate "2016.08.29"]
[SourceQuality "1"]

1. e4 c6 2. d4 d5 3. Nc3 dxe4 4. Nxe4 Bf5 5. Ng3 Bg6 6. Nf3 e6 7. h4 h6 8. h5 Bh7 9. Bd3 Bxd3 10. Qxd3 Nf6 11. Bd2 Be7 12. 0-0-0 0-0 13. Kb1 c5 14. Ne4 cxd4 15. Nxf6+ Bxf6 16. Bb4 Re8 17. Nxd4 Na6 18. Bc3 Nc5 19. Qe3 Na4 20. Nb5 Nxc3+ 21. Nxc3 Qc7 22. Ne4 Be5 23. g4 Rac8 24. Qb3 Red8 25. c3 a6 26. g5 hxg5 27. Nxg5 Bf4 28. Ne4 b5 29. Rdg1 Qe5 30. f3 Kh8 31. Rd1 Bh6 32. Qa3 Rxd1+ 33. Rxd1 Qxh5 34. Qxa6 Rg8 35. Rf1 Qd5 36. Qd6 Rd8 37. Qxd5 Rxd5 38. Rh1 Kh7 39. Kc2 Kg6 40. b4 Kf5 41. Rh5+ Kf4 42. Rxd5 exd5 43. Nd6 Kxf3 44. Nxf7 Bf4 45. Kd3 g5 46. Nxg5+ Bxg5 47. Kd4 Bf6+ 48. Kxd5 Bxc3 49. Kc5 Ke4 50. Kxb5 Kd5 51. a4 Bxb4 1/2-1/2

[Event "Cap Aurora op 20th"]
[Site "Cap Aurora"]
[Date "2016.06.27"]
[Round "4"]
[White "Baratosi, Daniel"]
[Black "Stancu, Robert Alexandru"]
[Result "1/2-1/2"]
[WhiteElo "2381"]
[BlackElo "1987"]
[PlyCount "56"]
[EventDate "2016.06.25"]
[EventType "swiss"]
[EventRounds "9"]
[EventCountry "ROU"]
[SourceTitle "CBM 173 Extra"]
[Source "ChessBase"]
[SourceDate "2016.08.29"]
[SourceVersion "1"]
[SourceVersionDate "2016.08.29"]
[SourceQuality "1"]

1. e4 e5 2. Nf3 Nc6 3. Bb5 a6 4. Ba4 Nf6 5. 0-0 Be7 6. Re1 b5 7. Bb3 d6 8. c3 0-0 9. h3 Nb8 10. d3 Bb7 11. Nbd2 Nbd7 12. Nf1 Nc5 13. Bc2 Re8 14. Ng3 g6 15. b4 Ncd7 16. a4 c5 17. Bd2 Bf8 18. Bb3 Qc7 19. a5 d5 20. exd5 Nxd5 21. Ne4 c4 22. dxc4 bxc4 23. Ba4 f5 24. Nc5 Bxc5 25. bxc5 Bc6 26. Bxc6 Qxc6 27. Qa4 Qxa4 28. Rxa4 e4 1/2-1/2

[Event "Cap Aurora op 20th"]
[Site "Cap Aurora"]
[Date "2016.06.27"]
[Round "3"]
[White "Stancu, Robert Alexandru"]
[Black "Cosma, Elena Luminita"]
[Result "1/2-1/2"]
[WhiteElo "1987"]
[BlackElo "2345"]
[PlyCount "216"]
[EventDate "2016.06.25"]
[EventType "swiss"]
[EventRounds "9"]
[EventCountry "ROU"]
[SourceTitle "CBM 173 Extra"]
[Source "ChessBase"]
[SourceDate "2016.08.29"]
[SourceVersion "1"]
[SourceVersionDate "2016.08.29"]
[SourceQuality "1"]

1. e4 e6 2. d4 d5 3. exd5 exd5 4. Bd3 Nc6 5. c3 Bd6 6. Nf3 Nge7 7. Bg5 Bg4 8. Nbd2 Qd7 9. Qc2 f6 10. Be3 Bf5 11. Nb3 Bxd3 12. Qxd3 Qf5 13. Qxf5 Nxf5 14. Kd2 0-0-0 15. Rhe1 h5 16. Kd3 Rde8 17. Bd2 b6 18. Rxe8+ Rxe8 19. Re1 Rh8 20. h4 Nce7 21. c4 dxc4+ 22. Kxc4 c6 23. Kd3 Kd7 24. Re4 a5 25. Nc1 Bc7 26. Re1 Nd5 27. g3 Nd6 28. Kc2 Re8 29. Rxe8 Kxe8 30. Kd3 Kd7 31. Ne2 Nf5 32. Ke4 Ke6 33. Nc3 Nb4 34. Nb5 Nd5 35. Nxc7+ Nxc7 36. Ne1 Nd5 37. Ng2 g6 38. Bf4 Nfe7 39. a3 f5+ 40. Kd3 Nf6 41. f3 Nfd5 42. Bg5 Nc8 43. Bf4 b5 44. b3 Ncb6 45. Bd2 a4 46. Kc2 axb3+ 47. Kxb3 Nc4 48. Bc1 Nd6 49. Bf4 Nc4 50. Bc1 Na5+ 51. Kc2 Kd6 52. Bf4+ Kd7 53. Bd2 Nc4 54. Bc1 Kc7 55. Kb3 Kb6 56. Bg5 Kc7 57. Bf4+ Kd7 58. Bc1 Ke7 59. Bg5+ Kf7 60. Bc1 Na5+ 61. Kc2 Nb7 62. Kd3 Nd8 63. Bg5 Ne6 64. Bd2 Ke7 65. Bb4+ Kf6 66. Bd2 Nb6 67. Bb4 Kf7 68. Ba5 Nc4 69. Bb4 Ke8 70. Kc3 Nc7 71. a4 Nd5+ 72. Kb3 Kd7 73. axb5 cxb5 74. Be1 Kc6 75. Bb4 Nxb4 76. Kxb4 Nb6 77. Kb3 Nd5 78. Ne1 Ne3 79. Nd3 Nf1 80. Ne5+ Kd5 81. Kc3 Nxg3 82. Nxg6 Ne2+ 83. Kd3 Nxd4 84. Nf4+ Kc5 85. Ke3 Kc4 86. Nxh5 b4 87. Nf4 b3 88. Nd3 Nxf3 89. Nb2+ Kc3 90. Kxf3 Kxb2 91. h5 Kc2 92. h6 b2 93. h7 b1Q 94. h8Q Qf1+ 95. Ke3 Qd3+ 96. Kf2 f4 97. Qe5 Qg3+ 98. Kf1 Qh3+ 99. Kf2 Qh2+ 100. Kf1 Qh3+ 101. Kf2 Qg3+ 102. Kf1 Qf3+ 103. Ke1 Kd3 104. Qf5+ Kd4 105. Qf6+ Kc4 106. Qe6+ Kc5 107. Qe5+ Kc6 108. Qe6+ Kc5 1/2-1/2